Typology and universals

The second edition of this essential textbook has been thoroughly rewritten and updated to reflect advances in typology and universals over the past decade. It reviews new methodologies such as the semantic map model and questions of syntactic argumentation; discussion of current debates over explan...

Cur síos iomlán

Đã lưu trong:
Sonraí Bibleagrafaíochta
Príomhúdar: Croft, William
Formáid: Leabhar
Teanga:Undetermined
Foilsithe: Cambridge Cambridge University Press 2003
Ábhair:
Clibeanna: Cuir Clib Leis
Gan Chlibeanna, Bí ar an gcéad duine leis an taifead seo a chlibeáil!
Thư viện lưu trữ: Trung tâm Học liệu Trường Đại học Cần Thơ
LEADER 01047nam a2200205Ia 4500
001 CTU_166905
008 210402s9999 xx 000 0 und d
020 |c 111 
082 |a 410.1 
082 |b C941 
100 |a Croft, William 
245 0 |a Typology and universals 
245 0 |c William Croft 
260 |a Cambridge 
260 |b Cambridge University Press 
260 |c 2003 
520 |a The second edition of this essential textbook has been thoroughly rewritten and updated to reflect advances in typology and universals over the past decade. It reviews new methodologies such as the semantic map model and questions of syntactic argumentation; discussion of current debates over explanations for specific classes of universals; and comparison of the typological and generative approaches to language. 
650 |a Typology (Linguistics),Cách phân loại (ngôn ngữ học),Linguistic universals,Ngôn ngữ phổ quát 
904 |i Be Hai, Trọng Hiếu 
980 |a Trung tâm Học liệu Trường Đại học Cần Thơ